[Event "1st WMSG Rapid Team w"]
[Site "Beijing CHN"]
[Date "2008.10.15"]
[Round "6"]
[White "Xu Yuhua"]
[Black "Ghader Pour,S"]
[Result "1-0"]
[WhiteElo "2477"]
[BlackElo "2149"]

1.e4 c5 2.Nf3 d6 3.Bb5+ Nc6 4.O-O Bd7 5.Re1 a6 6.Bxc6 Bxc6 7.d4 cxd4 8.Nxd4 Nf6
9.Nxc6 bxc6 10.Qf3 e5 11.Nd2 Be7 12.Nc4 O-O 13.Bg5 Qb8 14.Rad1 Rd8 15.b3 h6
16.Bh4 Ra7 17.Ne3 Ne8 18.Bxe7 Rxe7 19.Nf5 Re6 20.c4 Qa7 21.b4 c5 22.a3 Rc8
23.Qb3 Qc7 24.Rc1 Rb8 25.Qa4 Qc8 26.Ne3 Kh7 27.h3 Rg6 28.Kh2 Nc7 29.Nf5 Qd8
30.Rcd1 Qg5 31.g3 Rf6 32.Qd7 Ne6 33.Qxd6 Rd8 34.Qxe5 Rd2 35.h4 Rxf2+ 36.Kg1 R6xf5
37.exf5 Qxf5 38.Qxf5+ Rxf5 39.Rf1 Re5 40.Rde1 Rh5 41.Rxf7 Nd4 42.Ree7 Nf5
43.Re5 Kg6 44.Rc7 cxb4 45.axb4 Nxg3 46.Rc6+ Kf7 47.Rxh5 Nxh5 48.Rxa6 Nf4
49.b5 Ne6 50.b6 Nc5 51.Ra5 Nd7 52.b7 Ke6 53.Ra8  1-0

[Event "Milton Keynes Open"]
[Site "Newport Pagnell ENG"]
[Date "2008.10.15"]
[Round "2"]
[White "Manuchehri,A"]
[Black "Coates,D"]
[Result "1/2-1/2"]
[WhiteElo "1811"]
[BlackElo "2012"]

1.e4 c5 2.Nf3 d6 3.Bb5+ Nd7 4.d4 Nf6 5.e5 Qa5+ 6.Nc3 Ne4 7.Bxd7+ Bxd7 8.O-O Nxc3
9.bxc3 Qxc3 10.Bd2 Qa3 11.exd6 cxd4 12.dxe7 Bxe7 13.Ne5 Be6 14.Qb1 O-O 15.Qxb7 Rab8
16.Qe4 Bf6 17.Nc6 Rb6 18.Nxd4 Qa4 19.Be3 Bc4 20.Rfd1 Bxa2 21.c3 Rd6 22.Rd2 Bd5
23.Qxh7+ Kxh7 24.Rxa4 Rb6 25.f3 Rc8 26.Kf2 Rb7 27.Ne2 Bc4 28.Rxa7 Rxa7 29.Bxa7 Bxe2
30.Kxe2 Rxc3 31.Bd4 Bxd4 32.Rxd4 g6 33.g4 Rc1 34.Kf2 Kg7 35.h4 Rh1 36.Kg3 Kh6
37.g5+ Kg7 38.Kg4 Rh2 39.Kg3 Rh1 40.Kg2 Ra1 41.Kf2 Ra2+ 42.Ke3 Rh2 43.Rf4 Ra2
44.Rd4 Rh2 45.Kd3 Rh3 46.Rf4 Rh2 47.Kc4 Ra2 48.Kb4 Rc2 49.Kb3 Rf2 50.Kc4 Ra2
51.Kd5 Rd2+ 52.Rd4 Rf2 53.Ke4 Rh2 54.Ke5 Rh3 55.Rf4 Rh2 56.Kd6 Re2 57.Kd5 Ra2
58.Ke5 Re2+ 59.Re4 Rh2 60.Kd6 Rf2 61.Rf4  1/2-1/2

[Event "1st WMSG Rapid Team w"]
[Site "Beijing CHN"]
[Date "2008.10.16"]
[Round "7"]
[White "Stasiunaite,L"]
[Black "Rogule,L"]
[Result "0-1"]
[WhiteElo "2148"]
[BlackElo "2260"]

1.e4 c5 2.Nf3 d6 3.Bb5+ Bd7 4.Bxd7+ Qxd7 5.d4 cxd4 6.Nxd4 Nc6 7.O-O Nf6 8.Re1 g6
9.c4 Bg7 10.Nc3 O-O 11.Nxc6 Qxc6 12.Qd3 Rac8 13.b3 Nxe4 14.Nd5 Rfe8 15.Rxe4 e6
16.Nb4 Qc5 17.Nc2 d5 18.Rh4 Qe7 19.Rh3 dxc4 20.bxc4 Red8 21.Qxd8+ Rxd8 22.Ne3 Bxa1
23.Ba3 Qb4 24.g3 Bg7 25.Ng4 Qb1+ 26.Kg2 Rd1 27.Nh6+ Bxh6 28.Rxh6 Rg1+ 29.Kh3 Kg7  0-1

[Event "1st WMSG Rapid Team"]
[Site "Beijing CHN"]
[Date "2008.10.16"]
[Round "9"]
[White "Liiva,R"]
[Black "Gopal,G"]
[Result "1-0"]
[WhiteElo "2460"]
[BlackElo "2548"]

1.e4 c5 2.Nf3 d6 3.Bb5+ Nd7 4.c3 Nf6 5.Qe2 a6 6.Ba4 b5 7.Bc2 e5 8.d4 Be7
9.O-O O-O 10.a4 Bb7 11.Rd1 Qb6 12.dxe5 dxe5 13.Nh4 g6 14.Bg5 Rfe8 15.axb5 axb5
16.Rxa8 Bxa8 17.c4 b4 18.Ba4 Bc6 19.Bxc6 Qxc6 20.Nd2 Nf8 21.Nhf3 N6d7 22.Bxe7 Rxe7
23.Nf1 Ne6 24.Qd3 Nd4 25.Ne3 Kg7 26.Nd5 Re8 27.Ra1 Ra8 28.Qd1 Ra6 29.Nd2 Qa8
30.Rxa6 Qxa6 31.g3 Qa2 32.Qb1 Qa6 33.b3 Nf6 34.Kg2 Qa3 35.Ne3 Qa8 36.Nd5 Qa6
37.Nf3 Nd7 38.Nd2 h5 39.h4 Nf6 40.Nf3 Ng4 41.Nd2 Qa3 42.f3 Nf6 43.Kf2 Qa6
44.Qb2 Nxd5 45.exd5 f5 46.Qb1 Kf6 47.Qb2 Ke7 48.Qb1 Kd6 49.Qb2 Ke7 50.Qb1 Qa3
51.Kf1 Kf7 52.Kf2 Qa6 53.Kf1 Ke8 54.Kf2 Kd7 55.Kf1 Ke7 56.Kf2 Qa8 57.Kf1 Kf6
58.Kf2 g5 59.hxg5+ Kxg5 60.Kf1 Qa6 61.Kf2 Kg6 62.g4 hxg4 63.fxg4 Qf6 64.gxf5+ Nxf5
65.Qe4 Kf7 66.Nf3 Nd4 67.Ke3 Qh6+ 68.Kf2 Qf6 69.Kg2 Qg7+ 70.Kh3 Qh6+ 71.Kg4 Qg7+
72.Ng5+ Kf6 73.Qe3 Nf5 74.Qd2 e4 75.Qf4 Qg6 76.d6 e3 77.d7 Ke7 78.Qxf5 Qxf5+
79.Kxf5 Kxd7 80.Ke5 e2 81.Nf3 Kc6 82.Ke6 Kc7 83.Kd5 Kb6 84.Ke4  1-0

[Event "1st WMSG Rapid Team"]
[Site "Beijing CHN"]
[Date "2008.10.16"]
[Round "9"]
[White "Briestensky,R"]
[Black "Di Berardino,D"]
[Result "0-1"]
[WhiteElo "2383"]
[BlackElo "2502"]

1.e4 c5 2.Nf3 d6 3.Bb5+ Bd7 4.Qe2 Bxb5 5.Qxb5+ Qd7 6.Qxd7+ Nxd7 7.d4 cxd4
8.Nxd4 a6 9.c4 Rc8 10.Na3 Ngf6 11.f3 Ne5 12.b3 e6 13.Ke2 d5 14.f4 Nc6 15.Nxc6 bxc6
16.exd5 cxd5 17.cxd5 exd5 18.Bb2 Kd7 19.Rac1 Bb4 20.Rxc8 Rxc8 21.Rc1 Re8+
22.Kd3 Ne4 23.Nc2 Nf2+ 24.Kd4 Ba5 25.Kxd5 Nd3 26.b4 Nxc1 27.bxa5 Re2 28.Bxc1 Rxc2
29.Be3 Rxa2 30.Kd4  0-1

[Event "28th OIS"]
[Site "Munich GER"]
[Date "2008.10.16"]
[Round "6"]
[White "Marcelin,C"]
[Black "Fedorovsky,M"]
[Result "1-0"]
[WhiteElo "2494"]
[BlackElo "2414"]

1.e4 c5 2.Nf3 d6 3.Bb5+ Bd7 4.Bxd7+ Qxd7 5.c4 Nf6 6.Nc3 g6 7.d4 cxd4 8.Nxd4 Bg7
9.h3 O-O 10.Be3 Rc8 11.b3 Nc6 12.O-O Qd8 13.Qd2 a6 14.a4 Qa5 15.Rfd1 Rab8
16.Rab1 Nxd4 17.Bxd4 b5 18.axb5 axb5 19.Bxf6 Bxf6 20.Nxb5 Qxd2 21.Rxd2 Ra8
22.Kf1 Kf8 23.Ke2 Ra5 24.Kd3 Ke8 25.Nc3 Bxc3 26.Kxc3 Rca8 27.Rd5 Ra2 28.Rb2 Ra1
29.e5 Rc1+ 30.Kb4 Kd7 31.exd6 exd6 32.Rbd2 Rb8+ 33.Rb5 Rc8 34.Rb6 Rc6 35.Rb7+ Kc8
36.Rxf7 Rb6+ 37.Ka3 Rc3 38.Rb2 Rc1 39.Re2 Kd8 40.Kb2 Rxc4 41.Rxh7 Rcb4 42.Re3 Rd4
43.Rg3 d5 44.Rg7 Rf6 45.f3 Re6 46.R3xg6 Re2+ 47.Ka3 Rdd2 48.Rb6 Re7 49.Rxe7 Kxe7
50.Rg6 d4 51.Kb4 Rc2 52.Rg4 d3 53.Rd4 Rxg2 54.Rxd3 Rg3 55.Ka5  1-0

[Event "Milton Keynes Open"]
[Site "Newport Pagnell ENG"]
[Date "2008.10.16"]
[Round "4"]
[White "Manuchehri,A"]
[Black "Farrall,D"]
[Result "0-1"]
[WhiteElo "1811"]
[BlackElo "1818"]

1.e4 c5 2.Nf3 d6 3.Bb5+ Nc6 4.Bxc6+ bxc6 5.O-O e5 6.h3 f5 7.d3 f4 8.Nxe5 dxe5
9.Qh5+ Kd7 10.Qxe5 Bd6 11.Qxg7+ Ne7 12.Qc3 Ng6 13.Re1 Qg5 14.Kh1 Kc7 15.Qa5+ Kb7
16.d4 Nh4 17.Rg1 Rg8 18.e5 Bxh3 19.g3 Qg4 20.exd6 Qf3+ 21.Kh2 Qxf2+ 22.Kh1 Bg2+  0-1

[Event "1st WMSG Rapid Team w KO"]
[Site "Beijing CHN"]
[Date "2008.10.17"]
[Round "1.2"]
[White "Zdebskaja,N"]
[Black "Pogonina,N"]
[Result "0-1"]
[WhiteElo "2419"]
[BlackElo "2474"]

1.e4 c5 2.Nf3 d6 3.Bb5+ Bd7 4.Bxd7+ Qxd7 5.O-O Nf6 6.e5 dxe5 7.Nxe5 Qc8 8.Qf3 e6
9.d3 Be7 10.Nc3 O-O 11.Bg5 Nbd7 12.Nc4 Re8 13.Rae1 h6 14.Bf4 Nb6 15.Nd6 Bxd6
16.Bxd6 c4 17.d4 Nbd7 18.Nb5 Nd5 19.Ba3 Qc6 20.Nd6 Rf8 21.Ne4 Rfd8 22.c3 b5
23.Qg3 a5 24.Bd6 b4 25.Nc5 Nf8 26.Bxf8 Rxf8 27.Re4 Nf6 28.Rh4 Kh7 29.Qe3 Rad8
30.Qe2 Qd5 31.Re1 bxc3 32.bxc3 Rb8 33.Qc2+ Qf5 34.Qxf5+ exf5 35.Rf4 g6 36.h4 Kg7
37.d5 Rfc8 38.Rxc4 Nxd5 39.Re5 Nf6 40.f3 Rb1+ 41.Kh2 Rc6 42.Rd4 Rf1 43.Na4 Ra1
44.Re2 Rc7 45.Rd6 Rb7 46.Nb6 f4 47.g3 fxg3+ 48.Kxg3 Nh5+ 49.Kf2 Nf4 50.Red2 g5
51.hxg5 hxg5 52.Nd5 Ne6 53.Ne3 Rbb1 54.c4 Rc1 55.R6d5 a4 56.Nf5+ Kg6 57.Ne3 Nf4
58.Rd6+ f6 59.Nd5 Nh5 60.Ne7+ Kf7 61.Nf5 Rh1 62.Ke3 Rac1 63.Kd4 Rhe1 64.Ne3 Nf4  0-1

[Event "24th ECC"]
[Site "Kallithea GRE"]
[Date "2008.10.17"]
[Round "1"]
[White "Novikov,Vit"]
[Black "Howell,A"]
[Result "1-0"]
[WhiteElo "2325"]
[BlackElo "1879"]

1.e4 c5 2.Nf3 d6 3.Bb5+ Bd7 4.Bxd7+ Qxd7 5.c4 Nf6 6.Nc3 Nc6 7.d4 cxd4 8.Nxd4 g6
9.h3 Bg7 10.Be3 O-O 11.O-O Rfe8 12.Rc1 Rac8 13.b3 Qd8 14.Nxc6 bxc6 15.e5 dxe5
16.Qxd8 Rexd8 17.Bxa7 Nd7 18.Be3 f5 19.f3 Nf6 20.Rfd1 e4 21.fxe4 e5 22.Bb6 Rd7
23.Rxd7 Nxd7 24.Be3 Bf8 25.Rd1 Rc7 26.exf5 gxf5 27.Rf1 f4 28.Bf2 Kf7 29.g3 Kg6
30.gxf4 exf4 31.Ne2 Bd6 32.Bd4 Kg5 33.Kf2 Nc5 34.Kf3 Ne6 35.Bf2 Ra7 36.Bxa7  1-0

[Event "24th ECC"]
[Site "Kallithea GRE"]
[Date "2008.10.17"]
[Round "1"]
[White "Arngrimsson,D"]
[Black "Cheparinov,I"]
[Result "0-1"]
[WhiteElo "2392"]
[BlackElo "2696"]

1.e4 c5 2.Nf3 d6 3.Bb5+ Nc6 4.O-O Bd7 5.c3 Nf6 6.Re1 a6 7.Bxc6 Bxc6 8.d4 Bxe4
9.Bg5 Bc6 10.Bxf6 gxf6 11.Nh4 cxd4 12.cxd4 d5 13.Qf3 e6 14.Nc3 h5 15.Re3 Kd7
16.g3 Bh6 17.Re2 Bg5 18.Ng2 h4 19.Qd3 hxg3 20.fxg3 Rh3 21.Ne1 f5 22.Qf3 Qh8
23.Qf2 Rg8 24.Nf3 Bf6 25.Kf1 f4 26.gxf4 Qh5  0-1

[Event "24th ECC"]
[Site "Kallithea GRE"]
[Date "2008.10.18"]
[Round "2"]
[White "Hammer,J"]
[Black "Jones,Ri"]
[Result "1-0"]
[WhiteElo "2522"]
[BlackElo "2075"]

1.e4 c5 2.Nf3 d6 3.Bb5+ Nc6 4.Bxc6+ bxc6 5.O-O Bg4 6.h3 Bh5 7.d3 Nf6 8.Nbd2 e6
9.b3 Nd7 10.Bb2 f6 11.Qe1 Qc7 12.d4 cxd4 13.Nxd4 Bf7 14.f4 Be7 15.Rd1 O-O
16.Nc4 Rfe8 17.Qa5 Qb7 18.Ba3 d5 19.Bxe7 dxc4 20.Bd6 Bg6 21.f5 exf5 22.exf5 Bf7
23.Rfe1 cxb3 24.axb3 Bd5 25.Ne6 c5 26.Nc7 Rxe1+ 27.Qxe1 Bxg2 28.Nxa8 Bxh3
29.Qe8+  1-0

[Event "24th ECC"]
[Site "Kallithea GRE"]
[Date "2008.10.18"]
[Round "2"]
[White "Bednarich,J"]
[Black "Bae,T"]
[Result "1/2-1/2"]
[WhiteElo "2260"]
[BlackElo "2404"]

1.e4 c5 2.Nf3 d6 3.Bb5+ Nd7 4.d4 Nf6 5.Nc3 cxd4 6.Qxd4 e6 7.Bg5 Be7 8.Bxf6 gxf6
9.O-O-O a6 10.Bxd7+ Bxd7 11.Rd3 Qc7 12.Rhd1 Rc8 13.e5 fxe5 14.Nxe5 Qc5 15.Qxc5 Rxc5
16.Nxd7 Kxd7 17.Ne4 Rc6 18.f4 Rg8 19.g3 d5 20.Nd2 Rgc8 21.c3 Bf6 22.Kb1 Ke7
23.Re1 b5 24.Rxd5 Bg7 25.Rd3 h5 26.Re4 R8c7 27.Rd5 Rc5 28.Rxc5 Rxc5 29.Kc2 f5
30.Re1 Rc8 31.a3 h4 32.Nf3 hxg3 33.hxg3 Bf6 34.Rh1 Rg8 35.Rh3 Kd6 36.Kd3 Kd5
37.Ng1 a5 38.Ne2 a4 39.Rh6 Bh8 40.Rh7 Rd8 41.Rh5 Kc5+ 42.Kc2 Kd5 43.Rh6 Rg8
44.Kd3 Kd6 45.Rh7 Kd5 46.Rd7+ Kc6 47.Rf7 Kd6  1/2-1/2

[Event "24th ECC"]
[Site "Kallithea GRE"]
[Date "2008.10.18"]
[Round "2"]
[White "Zivkovic,Vj"]
[Black "Kotanjian,T"]
[Result "1-0"]
[WhiteElo "2429"]
[BlackElo "2567"]

1.e4 c5 2.Nf3 d6 3.Bb5+ Nd7 4.d4 Nf6 5.Nc3 a6 6.Bxd7+ Nxd7 7.O-O e6 8.Bg5 f6
9.Be3 b5 10.d5 e5 11.Ne2 Be7 12.a4 b4 13.a5 O-O 14.Nd2 f5 15.exf5 Nf6 16.Nc4 Bxf5
17.Ng3 Bg6 18.f3 Qc7 19.Bg5 Nxd5 20.Qxd5+ Bf7 21.Qd3 Bxg5 22.Qxd6 Qxd6 23.Nxd6 Be3+
24.Kh1 Bd4 25.Nxf7 Kxf7 26.Rfb1 c4 27.Ne4 c3 28.bxc3 bxc3 29.Rb7+ Ke8 30.Rab1 Rf7
31.Rxf7 Kxf7 32.Rb7+ Ke6 33.Rxg7 Rb8 34.h4 Rb2 35.Rxh7 Rxc2 36.Rc7 Rb2 37.Nxc3 Rc2
38.Nb5 Ra2 39.Rc6+ Ke7 40.Rxa6 Rb2 41.Nd6  1-0

[Event "92nd ch-Marshall CC"]
[Site "New York USA"]
[Date "2008.10.18"]
[Round "2"]
[White "Hellenschmidt,A"]
[Black "Naranja,R"]
[Result "0-1"]
[WhiteElo "2053"]
[BlackElo "2274"]

1.e4 c5 2.Nf3 d6 3.Bb5+ Nd7 4.d4 a6 5.Bxd7+ Bxd7 6.dxc5 dxc5 7.O-O Bb5 8.Qxd8+ Rxd8
9.Re1 e6 10.Nc3 Bd7 11.Ne5 f6 12.Nxd7 Rxd7 13.Be3 b5 14.Red1 g6 15.b3 Nh6
16.f3 Nf7 17.a4 b4 18.Rxd7 Kxd7 19.Rd1+ Kc6 20.Ne2 Bd6 21.Kf2 g5 22.h3 h5
23.g3 Rd8 24.Rd2 f5 25.exf5 exf5 26.f4 g4 27.h4 Be7 28.Rxd8 Bxd8 29.c4 bxc3
30.Nxc3 Ba5 31.Bd2 Nd6 32.Ke2 c4 33.bxc4 Nxc4 34.Be1 Nb2 35.Nd1 Bxe1 36.Kxe1 Nxd1
37.Kxd1 Kc5 38.Kd2 Kc4 39.Kc2 a5  0-1

[Event "TCh-AUT 2nd Bundesliga West 2008-9"]
[Site "Austria AUT"]
[Date "2008.10.19"]
[Round "3"]
[White "Fuchs,G"]
[Black "Bertagnolli,A"]
[Result "1/2-1/2"]
[WhiteElo "2210"]
[BlackElo "2322"]

1.e4 c5 2.Nf3 d6 3.Bb5+ Bd7 4.Bxd7+ Qxd7 5.O-O g6 6.c3 Nf6 7.Re1 Bg7 8.d4 O-O
9.e5 Nd5 10.Qb3 e6 11.c4 Nb6 12.dxc5 dxc5 13.Be3 Rc8 14.a4 Qe7 15.Bg5 Qc7
16.Nc3 Nc6 17.Nb5 Qb8 18.Nd6 Nxe5 19.Nxc8 Nxf3+ 20.Qxf3 Qxc8 21.Bf6 Bxf6
22.Qxf6 Nxc4 23.Rec1 Nb6 24.Qe7 Nd7 25.Rd1 Ne5 26.f4 Nc6 27.Qxc5 Qc7 28.g3 a5
29.Rd6 Ra6 30.Kg2 Qb6 31.Qc3 Ra8 32.Rad1 Re8 33.Qf6 e5 34.Rd7 Qxb2+ 35.R1d2 Qb3
36.R2d5 Rf8 37.fxe5 Qxa4 38.Qf4 Qc2+ 39.Rd2 Qb3 40.R2d3 Qb2+ 41.Rd2 Qb3 42.h4 h5
43.Qf6 Qc3 44.Rf2 Qxe5 45.Qxe5 Nxe5 46.Rxb7 Ng4 47.Rfb2 Ne3+ 48.Kf3 Nc4 49.Rc2 Nd6
50.Rd7 Nf5 51.Rcd2 Kg7 52.Rd8 Rxd8 53.Rxd8 a4 54.Ra8 Nh6 55.Rxa4 Kf6 56.Kf4 Ng4
57.Ra2 Kg7 58.Ra6 Nh6 59.Ke5 Ng4+ 60.Kd6 Ne3 61.Kd7 Nf5 62.Ra3 Kf8 63.Rd3 Nh6
64.Kd6 Nf5+ 65.Kd7 Nh6 66.Kd6 Nf5+ 67.Kd7  1/2-1/2

[Event "24th ECC"]
[Site "Kallithea GRE"]
[Date "2008.10.19"]
[Round "3"]
[White "Stojanovic,Da"]
[Black "Pashikian,A"]
[Result "0-1"]
[WhiteElo "2455"]
[BlackElo "2611"]

1.e4 c5 2.Nf3 d6 3.Bb5+ Nc6 4.c3 Nf6 5.Qe2 Bd7 6.d4 cxd4 7.cxd4 a6 8.Bxc6 Bxc6
9.d5 Bb5 10.Qe3 g6 11.Nc3 Bg7 12.Nxb5 axb5 13.Qd3 Ra4 14.Nd2 Qb6 15.O-O Nd7
16.Nb3 O-O 17.Be3 Qa6 18.Nd2 Bxb2 19.Rab1 Ra3 20.Qc2 Bf6 21.Nf3 Bg7 22.Qc7 Nf6
23.Bd4 Re8 24.Bxf6 Bxf6 25.Qd7 Rb8 26.Rxb5 Rxa2 27.g4 Re2 28.g5 Bg7 29.Rb4 Qd3
30.Qg4 Bc3 31.Ra4 b5  0-1

[Event "24th ECC"]
[Site "Kallithea GRE"]
[Date "2008.10.19"]
[Round "3"]
[White "Webb,L"]
[Black "Malisauskas,V"]
[Result "1-0"]
[WhiteElo "2347"]
[BlackElo "2479"]

1.e4 c5 2.Nf3 d6 3.Bb5+ Nd7 4.d4 Nf6 5.Nc3 cxd4 6.Qxd4 e5 7.Qd3 h6 8.O-O a6
9.Bc4 b5 10.Bd5 Nxd5 11.Nxd5 Nb6 12.Nxb6 Qxb6 13.Be3 Qc6 14.Nd2 Be7 15.b3 Be6
16.c4 O-O 17.Rac1 Rfc8 18.Rfd1 Qb7 19.f3 Rc6 20.Rc2 Rac8 21.Rdc1 Bd8 22.cxb5 axb5
23.Nb1 Rxc2 24.Rxc2 Rxc2 25.Qxc2 b4 26.Nd2 Bb6 27.Nf1 d5 28.exd5 Bxd5 29.Qf2 Bxe3
30.Nxe3 Be6 31.Qd2 Qa7 32.h3 Qd4 33.Qxd4 exd4 34.Nc2 d3 35.Ne3 g5 36.Kf2 Kg7
37.Ke1 Kf6 38.Kd2 Ke5 39.Kxd3 h5 40.Kd2 Kd4 41.Nc2+ Kc5 42.Ne1 Bf5 43.Nd3+ Bxd3
44.Kxd3 f5 45.h4 gxh4 46.Ke3  1-0

[Event "24th ECC"]
[Site "Kallithea GRE"]
[Date "2008.10.20"]
[Round "4"]
[White "Rapaire,J"]
[Black "Howell,A"]
[Result "1-0"]
[WhiteElo "1956"]
[BlackElo "1879"]

1.e4 c5 2.Nf3 d6 3.Bb5+ Bd7 4.Qe2 Nc6 5.O-O Nf6 6.Re1 e6 7.c3 Qb6 8.Ba4 Be7
9.Qb5 Qc7 10.Qe2 O-O 11.Bc2 a6 12.d3 h6 13.h3 b5 14.Nbd2 Rfe8 15.Nf1 Bf8
16.e5 dxe5 17.Nxe5 Nxe5 18.Qxe5 Bd6 19.Qe2 Bc6 20.Nd2 Rad8 21.Ne4 Nxe4 22.dxe4 Bh2+
23.Kh1 Bf4 24.Be3 c4 25.Rad1 Bxe3 26.Qxe3 Rxd1 27.Rxd1 Rd8 28.Rd2 Rxd2 29.Qxd2 Qd7
30.Qxd7 Bxd7 31.e5 Bc6 32.Kg1 f5 33.f4 Kf7 34.Kf2 Ke7 35.g3 g6 36.Ke3 Kd7
37.Kd4 Kc7 38.Kc5 Bd5 39.a4 Bc6 40.axb5  1-0

[Event "24th ECC"]
[Site "Kallithea GRE"]
[Date "2008.10.20"]
[Round "4"]
[White "Movsesian,S"]
[Black "Brkic,A"]
[Result "1-0"]
[WhiteElo "2732"]
[BlackElo "2558"]

1.e4 c5 2.Nf3 d6 3.Bb5+ Nc6 4.O-O Bd7 5.Re1 Nf6 6.c3 a6 7.Ba4 c4 8.Bc2 e5
9.b3 cxb3 10.axb3 Bg4 11.h3 Bh5 12.g4 Bg6 13.d4 Be7 14.d5 Nb8 15.Nh4 Ng8
16.Ng2 h5 17.Nd2 hxg4 18.hxg4 Nf6 19.Ne3 Qc7 20.c4 Nbd7 21.Kg2 Nc5 22.f3 Nh7
23.b4 Nd7 24.c5 dxc5 25.Ndc4 Qd8 26.d6 Bh4 27.Rh1 cxb4 28.Nd5 O-O 29.Be3 Kh8
30.Ncb6 Nxb6 31.Bxb6 Qg5 32.Be3 Qd8 33.Qd2 Rc8 34.Bb3 Rc6 35.g5 Rc3 36.Nxc3 bxc3
37.Qc1 f5 38.exf5  1-0

[Event "WYCC Girls U18"]
[Site "Vung Tau City VIE"]
[Date "2008.10.20"]
[Round "1"]
[White "Karunanayake,Ma"]
[Black "Zhorzholiani,M"]
[Result "0-1"]
[WhiteElo "1707"]
[BlackElo "2122"]

1.e4 c5 2.Nf3 d6 3.Bb5+ Bd7 4.Bxd7+ Qxd7 5.c4 Nf6 6.d4 Nxe4 7.Qe2 Nf6 8.dxc5 dxc5
9.O-O Nc6 10.Nc3 O-O-O 11.Rd1 Qe8 12.Bf4 Rxd1+ 13.Rxd1 Nd7 14.Bg3 g6 15.Nb5 Bg7
16.Re1 Qf8 17.Qd2 a6 18.Nc3 Nd4 19.Nxd4 cxd4 20.Nd5 e5 21.Qa5 Qd8 22.Qb4 Re8
23.f4 Bf8 24.Qd2 f6 25.Bh4 Bh6 26.Qf2 Bxf4 27.Nxf4 exf4 28.Rxe8 Qxe8 29.Qxd4 Qe5
30.Qd2 Qc5+ 31.Qf2 Qxc4 32.b3 Qc1+ 33.Qf1 Qxf1+ 34.Kxf1 g5 35.Bf2 Ne5 36.h3 Kd7
37.Ke2 Ke6 38.a4 f5 39.Bd4 Kd5 40.Bc3 Ke4 41.b4 f3+ 42.gxf3+ Nxf3 43.Be1 Nxe1
44.Kxe1 g4 45.hxg4 fxg4  0-1

[Event "WYCC Girls U16"]
[Site "Vung Tau City VIE"]
[Date "2008.10.20"]
[Round "1"]
[White "Wunderl,E"]
[Black "Hejazipour,M"]
[Result "0-1"]
[WhiteElo "1831"]
[BlackElo "2139"]

1.e4 c5 2.Nf3 d6 3.Bb5+ Bd7 4.Bxd7+ Qxd7 5.O-O Nf6 6.e5 dxe5 7.Nxe5 Qc8 8.d3 e6
9.Nd2 Nbd7 10.Nxd7 Qxd7 11.Ne4 Be7 12.Be3 Rc8 13.Qf3 O-O 14.Rad1 Nd5 15.a3 e5
16.Bd2 Rc6 17.Nc3 Nc7 18.Rfe1 f6 19.Re4 Rf7 20.Rde1 c4 21.Qe2 cxd3 22.cxd3 Rd6
23.Re3 Ne6 24.Rg3 Nd4 25.Qe4 Bd8 26.Rh3 g6 27.Bh6 f5 28.Qe3 Nc2 29.Qe2 Nxe1
30.Qxe1 Bf6 31.Qe2 e4 32.Re3 Rxd3 33.Rxd3 Qxd3  0-1

[Event "WYCC Boys U18"]
[Site "Vung Tau City VIE"]
[Date "2008.10.20"]
[Round "1"]
[White "Ma Qun"]
[Black "Le Quang Liem"]
[Result "1-0"]
[WhiteElo "2241"]
[BlackElo "2583"]

1.e4 c5 2.Nf3 d6 3.Bb5+ Nd7 4.d4 cxd4 5.Qxd4 Nf6 6.Nc3 g6 7.Bg5 Bg7 8.O-O-O h6
9.Bxf6 Bxf6 10.e5 Bg7 11.Qe3 O-O 12.exd6 exd6 13.Rxd6 Qc7 14.Rhd1 Nb6 15.Ne5 h5
16.f4 Bf5 17.h3 h4 18.Qf2 Qe7 19.g4 hxg3 20.Qxg3 Rac8 21.h4 Rc5 22.Qf2 Bxe5
23.fxe5 Qxe5 24.a4 Be6 25.Kb1 Rfc8 26.h5 Nd5 27.Nxd5 Bxd5 28.R1xd5 Rxd5 29.hxg6 f6
30.Qh4 Rc7 31.g7 Qh5 32.Qxf6 Rxg7 33.Qd8+  1-0

[Event "Guernsey Open"]
[Site "Guernsey GCI"]
[Date "2008.10.21"]
[Round "3"]
[White "Wismayer,C"]
[Black "Burrows,M"]
[Result "1/2-1/2"]
[WhiteElo "2111"]
[BlackElo "2196"]

1.e4 c5 2.Nf3 d6 3.Bb5+ Nd7 4.d4 Nf6 5.O-O cxd4 6.Qxd4 e5 7.Qd3 h6 8.c4 Be7
9.c5 dxc5 10.Nxe5 O-O 11.Nxd7 Bxd7 12.Nc3 Bxb5 13.Qxb5 Qc7 14.Qe2 Rad8 15.b3 Rfe8
16.Bb2 Qf4 17.Rad1 Bf8 18.g3 Qg4 19.Qxg4 Nxg4 20.Nd5 Bd6 21.f3 Be5 22.fxg4 Bxb2
23.Ne7+ Kf8 24.Ng6+ Kg8 25.Ne7+ Kf8 26.Ng6+ Kg8  1/2-1/2

[Event "24th ECC"]
[Site "Kallithea GRE"]
[Date "2008.10.21"]
[Round "5"]
[White "Ferguson,M"]
[Black "Sousa,H"]
[Result "1-0"]
[WhiteElo "2398"]
[BlackElo "2229"]

1.e4 c5 2.Nf3 d6 3.Bb5+ Nd7 4.d4 cxd4 5.Qxd4 e5 6.Qd3 h6 7.O-O a6 8.Bc4 Nc5
9.Qe2 Nf6 10.Nc3 Be7 11.a4 Bg4 12.h3 Be6 13.Rd1 Qc7 14.Nd2 Rc8 15.b3 O-O
16.a5 Rfd8 17.Bb2 Qc6 18.f3 Nh5 19.Nd5 Bh4 20.Nf1 Bxd5 21.Bxd5 Nf4 22.Qd2 Qd7
23.Ne3 Nce6 24.Bxe6 Qxe6 25.c4 Qg6 26.Kh1 Qh5 27.Nd5 Bg3 28.Nxf4 Bxf4 29.Qc2 Rc6
30.Bc1 Bg3 31.Be3 Qh4 32.Rd3 f5 33.exf5 e4 34.fxe4 Qxe4 35.Rf1 d5 36.Qd2 Rcd6
37.Bc5 Rc6 38.Bb6 Rxb6 39.axb6 Bh4 40.Rd4 Qe7 41.Rxd5 Rf8 42.Rd7 Qe4 43.Qd5+  1-0

[Event "24th ECC"]
[Site "Kallithea GRE"]
[Date "2008.10.21"]
[Round "5"]
[White "Martin Alvarez,I"]
[Black "Popov,Val"]
[Result "0-1"]
[WhiteElo "2212"]
[BlackElo "2542"]

1.e4 c5 2.Nf3 d6 3.Bb5+ Nc6 4.d4 cxd4 5.Qxd4 Bd7 6.Bxc6 Bxc6 7.Nc3 Nf6 8.Bg5 e6
9.O-O-O Be7 10.Rhe1 O-O 11.Qd2 Qb8 12.Nd4 Rd8 13.Nd5 Nxd5 14.exd5 Bxg5 15.Qxg5 h6
16.Qg3 Bxd5 17.Nf5 exf5 18.Rxd5 Qc7 19.Red1 Rac8 20.c3 Qc4 21.Rxd6 Rxd6 22.Qxd6 Qxa2
23.Qd7 Rc5 24.Qxb7 Qa1+ 25.Kc2 Qa4+ 26.Qb3 Qe4+ 27.Rd3 Qxg2 28.Qb8+ Kh7 29.b4 Rc6
30.Qxa7 Qxh2 31.b5 Re6 32.Kb3 Re1 33.Qc5 Qf4 34.Qd5 Rb1+ 35.Ka2 Rf1 36.Rf3 Qa4+  0-1

[Event "WYCC Boys U14"]
[Site "Vung Tau City VIE"]
[Date "2008.10.21"]
[Round "2"]
[White "Emiroglu,C"]
[Black "Stukopin,A"]
[Result "0-1"]
[WhiteElo "2101"]
[BlackElo "2363"]

1.e4 c5 2.Nf3 d6 3.Bb5+ Bd7 4.Bxd7+ Qxd7 5.O-O Nc6 6.c3 Nf6 7.Qe2 e6 8.d4 cxd4
9.cxd4 d5 10.e5 Ne4 11.Be3 Be7 12.Ne1 f6 13.f3 Ng5 14.Nd3 Nf7 15.f4 O-O 16.Nd2 b6
17.Nf3 f5 18.Ng5 Nxg5 19.fxg5 f4 20.Rxf4 Rxf4 21.Nxf4 Bxg5 22.Nd3 Bxe3+ 23.Qxe3 Rf8
24.Rf1 Rxf1+ 25.Kxf1 Qf7+ 26.Nf2 Ne7 27.Qa3 Nf5 28.Qc3 h6 29.Ke2 Qd7 30.b3 h5
31.Nd3 Qe7 32.g3 Qa3 33.Nc1 Nxd4+ 34.Kd3 Nf3 35.Qc8+ Kh7 36.Ne2 Nxe5+ 37.Kd4 Qb2+
38.Ke3 Ng4+ 39.Kf3 Qf6+ 40.Nf4 g5 41.Qd7+ Kg8 42.Qe8+ Kg7 43.Qd7+ Kh6 44.Qxe6 gxf4
45.Qxf6+ Nxf6 46.Kxf4 d4 47.h3 Kg6 48.g4 h4 49.a4 a5 50.g5 Nh7  0-1

[Event "TCh-CHN Torch Real Estate Cup"]
[Site "Jiangsu Wuxi CHN"]
[Date "2008.10.22"]
[Round "10"]
[White "Liang Jinrong"]
[Black "Zhou Jianchao"]
[Result "1/2-1/2"]
[WhiteElo "2476"]
[BlackElo "2580"]

1.e4 c5 2.Nf3 d6 3.Bb5+ Bd7 4.Bxd7+ Qxd7 5.c4 Nf6 6.Nc3 Nc6 7.d4 cxd4 8.Nxd4 Qg4
9.O-O Qxd1 10.Rxd1 Nxd4 11.Rxd4 Rc8 12.b3 g6 13.Bb2 Bg7 14.Rd2 Nd7 15.Nd5 Bxb2
16.Rxb2  1/2-1/2

[Event "24th ECC"]
[Site "Kallithea GRE"]
[Date "2008.10.22"]
[Round "6"]
[White "Gvein,K"]
[Black "Kleijn,C"]
[Result "0-1"]
[WhiteElo "2189"]
[BlackElo "2283"]

1.e4 c5 2.Nf3 d6 3.Bb5+ Bd7 4.Bxd7+ Nxd7 5.O-O g6 6.c4 Bg7 7.Nc3 Ngf6 8.Rb1 O-O
9.d4 cxd4 10.Nxd4 Rc8 11.b3 a6 12.Bb2 Qa5 13.a4 e6 14.Nf3 Nc5 15.Ba1 Ncxe4
16.Nxe4 Nxe4 17.Bxg7 Kxg7 18.Qd4+ Nf6 19.Qxd6 Rfd8 20.Qf4 Qf5 21.Qxf5 gxf5
22.Rfd1 Ne4 23.Kf1 Kf6 24.Ke1 Rg8 25.Rbc1 Rxg2 26.Rc2 a5 27.b4 axb4 28.Rb1 Nc5
29.Kf1 b3 30.Rxb3 Rxf2+ 31.Kxf2 Nxb3 32.Ke3 Na5 33.Nd2 e5 34.Kd3 e4+ 35.Kd4 Rd8+
36.Kc3 Rd3+ 37.Kb4 Nc6+ 38.Kc5 Nd4  0-1

[Event "24th ECC"]
[Site "Kallithea GRE"]
[Date "2008.10.22"]
[Round "6"]
[White "Filipovic,SJ"]
[Black "Jens,J"]
[Result "1/2-1/2"]
[WhiteElo "2230"]
[BlackElo "2379"]

1.e4 c5 2.Nf3 d6 3.Bb5+ Bd7 4.Bxd7+ Nxd7 5.c4 Ngf6 6.Nc3 e6 7.d4 cxd4 8.Qxd4 a6
9.O-O Be7 10.b3 O-O 11.Bb2 Qb8 12.Qd2 Rd8 13.Nd4 Bf8 14.Qe2 Re8 15.Rfe1 Qc7
16.Rad1 Rad8 17.h3 Qc5 18.Nc2 Qa5 19.Rd2 Rb8 20.Nd4 g6 21.Qe3 Qh5 22.Qf3 Qg5
23.Rdd1 Rec8 24.Qe2 Qa5 25.Nf3 b5 26.e5 dxe5 27.Nxe5 Nxe5 28.Qxe5 Bg7 29.a3 Nd5
30.Qxg7+ Kxg7 31.Nxd5+ Kf8 32.Bc3 Qxa3 33.Bb4+ Qxb4 34.Nxb4 bxc4 35.Nxa6 Rb6
36.bxc4 Rxa6 37.Re4 Ra4 38.Rc1 Ke7 39.Rc2 f5 40.Rh4 h5 41.Rd4 e5 42.Rd5 Ke6
43.Rcd2 Rc6 44.c5 Rd4 45.R2xd4 exd4 46.Rxd4 Rxc5  1/2-1/2

[Event "24th ECC"]
[Site "Kallithea GRE"]
[Date "2008.10.22"]
[Round "6"]
[White "Rapaire,J"]
[Black "Vladimirov,V MKD"]
[Result "0-1"]
[WhiteElo "1956"]
[BlackElo "2227"]

1.e4 c5 2.Nf3 d6 3.Bb5+ Bd7 4.Bxd7+ Qxd7 5.O-O Nc6 6.Re1 Nf6 7.e5 dxe5 8.Nxe5 Nxe5
9.Rxe5 e6 10.Nc3 Bd6 11.Re1 Qc6 12.d3 O-O-O 13.Qe2 h5 14.Bg5 h4 15.Ne4 h3
16.Nxd6+ Rxd6 17.Qf3 Qxf3 18.gxf3 Rd5 19.Bxf6 gxf6 20.Re4 Rf5 21.f4 Rg8+
22.Kf1 Rg4 23.Ke2 Rg2 24.Rh1 Kd7 25.d4 c4 26.c3 Ra5 27.Ra1 Rxh2 28.Re3 Rb5
29.Rb1 Ra5 30.Ra1 Rf5 31.Rf3 Rh5 32.Rg3 Rg2 33.Kf3 Rxg3+ 34.Kxg3 h2 35.Kg2 Kd6
36.b4 Kd5 37.f3 h1=Q+ 38.Rxh1 Rxh1 39.Kxh1 e5 40.fxe5 fxe5 41.dxe5 Kxe5 42.Kg2 Kf4
43.Kf2 b5 44.Ke2 Kg3 45.Ke3 f5 46.a3 a6 47.Kd4 Kxf3 48.Kc5 f4 49.Kb6 Ke4
50.Kxa6 f3  0-1